Tiere des Jahres 2025 - Bild Quiz - Statistiken

Allgemein
  • Dieses Quiz wurde 34 mal gespielt
  • Das Durchschnittsergebnis liegt bei 3 aus 12
Antwortstatistiken
Bildquiz Hint Antwort % Korrekt
Wildtier Schneehase
100%
Zootier Gürteltier
72%
Fisch Europäischer Aal
59%
Seevogel Lachmöwe
34%
Naturparktier Haselmaus
21%
Lurch Moorfrosch
14%
Gartentier Gartenschläfer
10%
Vogel Hausrotschwanz
10%
Libelle Gebänderte Heidelibelle
0%
Nutztierrasse Gelbvieh
0%
Insekt Holzwespen-Schlupfwespe
0%
Schmetterling Russischer Bär
0%
Keine übereinstimmenden Quizze gefunden
Verteilung der Resultate
Anzahl Personen mit jedem Resultat
Perzentil nach korrekt beantworteten Fragen
Ihre Resultats-Entwicklung
Sie haben dieses Quiz noch nicht gespielt